Case news (Record no. 104717)

MARC details
000 -LEADER
fixed length control field 01450cab a2200193 4500
001 - CONTROL NUMBER
control field ##L131337
008 - FIXED-LENGTH DATA ELEMENTS--GENERAL INFORMATION
fixed length control field 050727n2005 000 0 eng u
035 ## - SYSTEM CONTROL NUMBER
System control number (Sirsi) u131337
041 0# - LANGUAGE CODE
Language code of text/sound track or separate title eng
245 00 - TITLE STATEMENT
Title Case news
Remainder of title Felber Jucker and Co v Sabreleague Ltd
260 ## - PUBLICATION, DISTRIBUTION, ETC.
Date of publication, distribution, etc. 2005
490 #0 - SERIES STATEMENT
Series statement Property Week
Volume/sequential designation 70(41) 14 October 2005, 83(1)
520 ## - SUMMARY, ETC.
Summary, etc. The case (ChD, [2005] PLSCS 162) centred around compensation payable to the tenant (F) following the landlord serving notice opposing renewal of the lease. S served notice to F on the grounds that it wanted to redevelop the property. S subsequently changed its mind and notified the F that it did not need to vacate the property. F argued that a Section 25 notice cannot be withdrawn and amended and was still entitled to vacate and received statutory compensation of £94 000. S claimed that the law had been amended by in 2004. S applied to oppose the renewal of the tenancy, knowing it would fail which in turn would prevent F from receiving its statutory compensation. "Held": the action was struck out as an abuse of the court, and that the 2004 changes were not intended to change the rules regarding compensation.
590 ## - LOCAL NOTE (RLIN)
Local note IKA251005
650 24 - SUBJECT ADDED ENTRY--TOPICAL TERM
Topical term or geographic name entry element LANDLORD AND TENANT ACT 1954 PART II
650 24 - SUBJECT ADDED ENTRY--TOPICAL TERM
Topical term or geographic name entry element FELBER JUCKER AND CO LTD V SABRELEAGUE LTD
690 ## - LOCAL SUBJECT ADDED ENTRY--TOPICAL TERM (OCLC, RLIN)
Topical term or geographic name as entry element PROPERTY-COMMERCIAL PROPERTY-LEASEHOLD COMMERCIAL PROPERTY-COMMERCIAL LANDLORD AND TENANT-BUSINESS TENANCIES
942 ## - ADDED ENTRY ELEMENTS (KOHA)
Suppress in OPAC 0
Holdings
Withdrawn status Lost status Source of classification or shelving scheme Damaged status Not for loan Home library Current library Shelving location Date acquired Total Checkouts Full call number Barcode Date last seen Copy number Price effective from Koha item type
    Dewey Decimal Classification     London London Journal article 21/10/2005   L131337 131337-1001 06/08/2019 1 06/08/2019 Journal article